| 000 | 01538cam a2200421 i 4500 | ||
|---|---|---|---|
| 999 |
_c200447348 _d65560 |
||
| 001 | 200447348 | ||
| 003 | TR-AnTOB | ||
| 005 | 20230317160759.0 | ||
| 007 | ta | ||
| 008 | 030725t20032003dcua b i000 0 eng d | ||
| 010 | _a 2003475323 | ||
| 020 | _a1589062272 | ||
| 035 | _a(OCoLC)ocm52725730 | ||
| 035 | _a(TR-AnTOB)200447348 | ||
| 040 |
_aDBI _beng _erda _cDBI _dAFQ _dDLC _dTR-AnTOB |
||
| 041 | 0 | _aeng | |
| 050 | 0 | 4 |
_aHG229 _b.K863 2003 |
| 090 |
_aHG229 _b.K863 2003 |
||
| 100 | 1 |
_aKumar, Manmohan S. _eauthor _9129696 |
|
| 245 | 0 | 0 |
_aDeflation : _bdeterminants, risks, and policy options / _cManmohan S. Kumar [and four others] |
| 264 | 1 |
_aWashington, D.C. : _bInternational Monetary Fund, _c2003. |
|
| 264 | 4 | _c©2003 | |
| 300 |
_aix, 54 pages : _billustrations ; _c28 cm |
||
| 336 |
_atext _btxt _2rdacontent |
||
| 337 |
_aunmediated _bn _2rdamedia |
||
| 338 |
_avolume _bnc _2rdacarrier |
||
| 490 | 0 |
_aOccasional paper, _x0251-6365 ; _v221 |
|
| 500 | _a"This paper presents the findings of an interdepartmental task force of IMF staff set up to examine the issue of deflation" -- ix. | ||
| 504 | _aBIB | ||
| 650 | 0 |
_aDeflation (Finance) _9135480 |
|
| 650 | 0 |
_aMonetary policy _913685 |
|
| 650 | 0 |
_aPrices _92303 |
|
| 710 | 2 |
_aInternational Monetary Fund _979373 |
|
| 856 | 4 | 1 |
_3IMF eLibrary (Open Access) _zOnline access link to the resource _uhttps://www.elibrary.imf.org/view/books/084/01591-9781589062276-en/01591-9781589062276-en-book.xml |
| 942 |
_2lcc _cBK |
||